| 000 | 01080nas a2200325 4500 | ||
|---|---|---|---|
| 001 | BR0405531 | ||
| 003 | BR-BrBNA | ||
| 005 | 20231205105015.0 | ||
| 007 | ta | ||
| 008 | 230509b bl.|||p| |||| 00| 00por d | ||
| 040 |
_aBR-BrBNA _bpor _cBiblioteca Nacional de Agricultura |
||
| 041 | _a(Pt) | ||
| 072 | _aJ11 | ||
| 100 | 1 | _aAlmeida, S.A. de | |
| 100 | 1 | _aAlmeida, F. de A.C. | |
| 100 | 1 | _aSantos, N.R. dos | |
| 100 | 1 | _aAraújo, M.E.R. | |
| 100 | 1 | _aRodrigues, J.P. | |
| 245 | 1 | _aAtividade inseticida de extratos vegetais sobre Callosobruchus maculatus (Fabr., 1775)(Coleoptera: Bruchidae) | |
| 650 | _aFEIJÃO DE CORDA | ||
| 650 | _aCALLOSOBRUCHUS MACULATUS | ||
| 650 | _aGORGULHO | ||
| 650 | _aPRAGA DE PRODUTO ARMAZENADO | ||
| 650 | _aINSETICIDA DE ORIGEM VEGETAL | ||
| 650 | _aPARAÍBA | ||
| 773 | 0 |
_tRevista Brasileira de Agrociência (Brazil) _xISSN 0104-8996 _g(Jan-Mar 2004), v. 10(1) p. 67-70 _wBR0405531 |
|
| 856 | 4 | 0 | _uhttp://www.ufpel.edu.br/faem/agrociencia/v10n1/artigo09.htm |
| 909 |
_a202311 _bLúcia _c55 _dLúcia Elande |
||
| 942 |
_2AGRIS _n0 _cANA |
||
| 999 |
_c180747 _d180747 |
||